00227nam a22000977a 450000500170000008200130001710000210003024500410005126000230009265000140011520250816124821.0 a543bSKO aSkoog, Douglas A aFundamentals of Analytical chemistry bThomsonaNew York: aChemistry